000 00607nam a22001697a 4500
003 OSt
008 240111b1994 |||||||| |||| 00| 0 eng d
082 _a658.402
_bWES-E
100 _aWest, Michael A.
245 _aEffective Teamwork :
_bprofessor of work and organizational psychology institute of work psychology university of sheffield /
_cMichael A. West.
260 _aNew Delhi :
_bBritish Psychological society ,
_c1994.
300 _axvi, 127 p. ;
650 _aTeams in the workplace
650 _aTeams in the workplace-Psychological aspects
650 _aGroup decision making
942 _2ddc
_cBK
999 _c20004
_d20004